000 00477nam a2200157 i 4500
001 49260
003 ES-MaACL
005 20230906161920.0
007 t|
008 030711s1954 sp ||||1| spa d
100 1 _aCortejoso Villanueva, Leopoldo.
_940841
245 1 0 _aCartas a un escéptico en materia de profilaxis /
_cLeopoldo Cortejoso Villanueva.
260 _aMadrid :
_b[s.n.],
_c1954 (
_fGráf. González)
300 _a45 p. ;
_c19 cm.
852 _aES-MaACL
_j1959-F-21
999 _c49260
_d49260